000 00740cam a22002413a 4500
001 8612
003 PGUSA
005 20140828083202.0
008 050801s2005||||xxu|||||s|||||000 1 eng d
040 _aPGUSA
_beng
042 _adc
050 4 _aPZ
100 1 _aRockwood, Roy
245 1 0 _aThrough Space to Mars; Or, the Longest Journey on Record
_h[electronic resource] /
_cRoy Rockwood
260 _bProject Gutenberg,
_c2005
506 _aCopyrighted. Read the copyright notice inside this book for details.
516 _aElectronic text
653 _aScience fiction
653 _aSpace flight to Mars -- Juvenile fiction
830 0 _aProject Gutenberg
_v8612
856 4 0 _uhttp://www.gutenberg.org/ebooks/8612
942 _cAB
999 _c237912
_d237912